Understanding Organizational Behaviour (Record no. 725)

MARC details
000 -LEADER
fixed length control field 00456nam a22001817a 4500
005 - DATE AND TIME OF LATEST TRANSACTION
control field 20180720152344.0
008 - FIXED-LENGTH DATA ELEMENTS--GENERAL INFORMATION
fixed length control field 160513b xxu||||| |||| 00| 0 eng d
020 ## - INTERNATIONAL STANDARD BOOK NUMBER
ISBN 0-19-569086-9
041 ## - LANGUAGE CODE
Language code of text/sound track or separate title eng
082 ## - DEWEY DECIMAL CLASSIFICATION NUMBER
Item number 1898
Classification number 658.3
100 ## - MAIN ENTRY--AUTHOR NAME
Personal name Pareek, Udai
245 ## - TITLE STATEMENT
Title Understanding Organizational Behaviour
250 ## - EDITION STATEMENT
Edition statement 2nd ed.
260 ## - PUBLICATION, DISTRIBUTION, ETC. (IMPRINT)
Place of publication New Delhi
Name of publisher Oxford University Press
Year of publication 2004
300 ## - PHYSICAL DESCRIPTION
Number of Pages 792p,
650 ## - SUBJECT ADDED ENTRY--TOPICAL TERM
Topical Term Management
942 ## - ADDED ENTRY ELEMENTS (KOHA)
Koha item type Books
Holdings
Lost status Damaged status Collection code Home library Current library Shelving location Date acquired Cost, normal purchase price Full call number Accession Number Koha item type
    MANAGEMENT JRU Library JRU Library SHELF-65-C 13/05/2016 365.00 658.3 1898 Books
    MANAGEMENT JRU Library JRU Library SHELF-65-C 13/05/2016 365.00 658.3 1899 Books
    MANAGEMENT JRU Library JRU Library SHELF-65-C 13/05/2016 365.00 658.3 1900 Books
    MANAGEMENT JRU Library JRU Library SHELF-65-C 13/05/2016 365.00 658.3 1901 Books
    MANAGEMENT JRU Library JRU Library   13/05/2016 365.00 658.3 1902 Books
    MANAGEMENT JRU Library JRU Library SHELF-65-C 13/05/2016 365.00 658.3 1903 Books
      JRU Library   SHELF-65-C 13/05/2016 365.00 658.3 1904 Books
    MANAGEMENT JRU Library JRU Library   13/05/2016 365.00 658.3 1905 Books
      JRU Library   SHELF - 16 - H 13/05/2016 365.00 658.3 1906 Books
    MANAGEMENT JRU Library JRU Library   13/05/2016 365.00 658.3 1907 Books
    MANAGEMENT JRU Library JRU Library SHELF-65-C 13/05/2016 365.00 658.3 1908 Books
    MANAGEMENT JRU Library JRU Library   13/05/2016 365.00 658.3 1909 Books
    MANAGEMENT JRU Library JRU Library   13/05/2016 365.00 658.3 1910 Books
    MANAGEMENT JRU Library JRU Library   13/05/2016 365.00 658.3 1911 Books
      JRU Library   WR-1 E 13/05/2016 365.00 658.3 1912 Books
    MANAGEMENT JRU Library JRU Library SHELF-65-E 13/05/2016 365.00 658.3 1913 Books
      JRU Library   SHELF - 16 - L 13/05/2016 365.00 658.3 1914 Books
    Reference JRU Library   SHELF-29-J 13/05/2016 365.00 658.3 1915 Books
    MANAGEMENT JRU Library JRU Library   13/05/2016 365.00 658.3 1916 Books
    MANAGEMENT JRU Library JRU Library SHELF-65-C 13/05/2016 365.00 658.3 1917 Books
    MANAGEMENT JRU Library JRU Library   13/05/2016 365.00 658.3 1918 Books
    MANAGEMENT JRU Library JRU Library   13/05/2016 365.00 658.3 1919 Books
    MANAGEMENT JRU Library JRU Library   13/05/2016 365.00 658.3 1920 Books
      JRU Library   SHELF-65-C 13/05/2016 365.00 658.3 1921 Books
    MANAGEMENT JRU Library JRU Library   13/05/2016 365.00 658.3 1922 Books